Štátne dlhopisy - jeden z produktov kapitálového trhu

Štátne dlhopisy ako nástroj finančného trhu sa používajú od r. 1992 v zmysle zákona č. 22/1992 Zb. o ŠBČS. Štátne dlhopisy emitované v r. 1992 a 1993. Sekundárny predaj emisií štátnych dlhopisov v r. 1993.

Gespeichert in:
Bibliographische Detailangaben
1. Verfasser: Mlynka, T.
Format: Buchkapitel
Sprache:Slowakisch
Schlagworte:
Tags: Tag hinzufügen
Keine Tags, Fügen Sie das erste Tag hinzu!

MARC

LEADER 00000naa a2200000 4500
001 r017381
005 20221205075558.7
041 0 |a slo 
044 |a SK 
245 1 0 |a Štátne dlhopisy - jeden z produktov kapitálového trhu  |c T. Mlynka 
520 |a Štátne dlhopisy ako nástroj finančného trhu sa používajú od r. 1992 v zmysle zákona č. 22/1992 Zb. o ŠBČS. Štátne dlhopisy emitované v r. 1992 a 1993. Sekundárny predaj emisií štátnych dlhopisov v r. 1993. 
610 2 0 |a dlhopisy 
610 2 0 |a trh kapitálový 
610 2 0 |a emisia 
610 2 0 |a papiere cenné 
610 2 0 |a 1992 
610 2 0 |a 1993 
610 2 0 |a Slovensko 
100 1 |a Mlynka, T.